Análisis de circuitos en ingeniería
Збережено в:
| Автор: | |
|---|---|
| Інші автори: | , |
| Формат: | Книга |
| Мова: | Spanish |
| Опубліковано: |
México : McGraw-Hill,
1987
|
| Предмети: | |
| Теги: |
Додати тег
Немає тегів, Будьте першим, хто поставить тег для цього запису!
|
MARC
| LEADER | 00000nam a2200000Ia 4500 | ||
|---|---|---|---|
| 003 | 000518 | ||
| 005 | 20221231143936.0 | ||
| 008 | 140114s1988 mx a 000 ||spa d | ||
| 040 | |c cru CEDI | ||
| 082 | |a 621.381.7 H426a2 | ||
| 100 | |a Hayt, William Hart, 1920- |9 19102 | ||
| 245 | |a Análisis de circuitos en ingeniería | ||
| 260 | |a México : McGraw-Hill, |c 1987 | ||
| 300 | |a xiv, 677 páginas : ilustraciones ; 23 cm. | ||
| 500 | |a Traduccion de: Engineering circuit analysis. | ||
| 650 | |x CIRCUITOS ELECTRICOS |9 19107 | ||
| 700 | |9 19103 |a Kemmerly, Jack E | ||
| 700 | |9 19106 |a Sánchez Trujillo, Carlos Manuel |d Tarductor | ||
| 942 | |2 ddc |c BK | ||
| 999 | |c 14564 |d 14564 | ||
